| 000 | 00568cam a22002051 4500 | ||
|---|---|---|---|
| 001 | sa 64001303 | ||
| 003 | DLC | ||
| 005 | 20260227112001.0 | ||
| 008 | 810807s1959 ii s f000 0 eng | ||
| 010 | _asa 64001303 | ||
| 035 | _a(OCoLC)7649226 | ||
| 040 |
_aDLC _cMH _dDLC |
||
| 042 | _apremarc | ||
| 050 | 0 | 0 |
_aHA1715 _b.A54 |
| 110 | 1 |
_aIndia. _bCentral Statistical Organisation. |
|
| 245 | 1 | 0 | _aStatistics according to reorganised states. |
| 260 |
_aNew Delhi, _b[Manager of Publications, _c1959] |
||
| 300 |
_aii, 91 p. _c25 cm. |
||
| 651 | 0 |
_aIndia _vStatistics. |
|
| 999 |
_c56679 _d56679 |
||